Reunión consultiva sobre creación de un centro regional para el desarrollo de los recursos humanos en el INCE.

Gespeichert in:
Bibliographische Detailangaben
Körperschaft: Centro Interamericano de Investigación y Documentación sobre Formación Profesional (CINTERFOR)
Format: Buch
Sprache:Spanisch
Schriftenreihe:(Cinterfor-Informes ; no. 84)
Schlagworte:
Tags: Tag hinzufügen
Keine Tags, Fügen Sie das erste Tag hinzu!

MARC

LEADER 00000cam^a2200000uu^4500
001 000457815
005 20250521000000.0
008 050901s1979^^^^^^^^^^^^rd^r^^000^0^spa^d
009 20260310124052.632
035 |a FCE 000000258 
035 |a FCE 000259 
037 |a Acervo ITESO - Biblioteca 
041 |a spa 
082 0 4 |a 082.1  |b OIT 1979 1-84 
110 |a Centro Interamericano de Investigación y Documentación sobre Formación Profesional (CINTERFOR) 
245 1 0 |a Reunión consultiva sobre creación de un centro regional para el desarrollo de los recursos humanos en el INCE. 
264 |a Montevideo :  |b CINTERFOR,  |c 1979. 
300 |a 98 p. 
336 |a texto  |b txt  |2 rdacontenido 
337 |a sin mediación  |b n  |2 rdamedio 
338 |a volumen  |b nc  |2 rdasoporte 
440 0 |a (Cinterfor-Informes ;  |v no. 84) 
610 |a OIT.  |b Centro Interamericano de Investigación y Documentación sobre Formación Profesional 
649 |a XX 
650 |a Formación profesional 
650 |a Recursos humanos 
910 |a Fondo Centro de Estudios Educativos 
920 |a Impresos - Libros 
930 |a Fondos Especiales 
905 |a 133 
901 |a ALE000259  |b IT2  |c CEE  |u 20250521 
901 |a ALE045180  |b IT2  |c CEE  |u 20250521 
902 |a https://opac.biblio.iteso.mx/vufind/Record/000457815